000 00700cam a22002531 4500
001 sa 66002296
003 DLC
005 20260227112228.0
008 890918s1964 ii b 000 0 kano
010 _asa 66002296
035 _a(OCoLC)20363562
040 _aDLC
_cWaU
_dDLC
042 _apremarc
043 _aa-ii---
050 0 0 _aPK5001.1
_b.N3
100 1 _aNaik, Sadanand Narayan,
_d1913-
245 1 0 _aKannaḍa sāhityadalli Jainapurāṇagaḷu.
260 _c1964.
300 _aiii, 77 p.
_c18 cm.
500 _aIn Kannada.
504 _aBibliographical footnotes.
650 0 _aJaina literature
_xHistory and criticism.
650 0 _aKannada literature
_xHistory and criticism.
999 _c68286
_d68286